000 00823nam a22002897a 4500
001 6304
003 FISKH
005 20250409145804.0
008 250409b cb ||||| |||| 00| 0 eng d
020 _a9780545605502
040 _aFISKH
_beng
_cFISKH
_dFISKH
050 _aPZ7.
082 _a133.14
100 _aZullo, Allan
245 _aHaunted pets true ghost stories :
_bOriginally published as haunted animals /
_cAllan Zullo
250 _aThis edition first published in 2013
260 _aNew York :
_bScholastic,
_c1995
300 _a128 pages :
_c20 cm
505 _aR
520 _aPresents nine tales involving a variety of animal ghosts.
521 8 _a770
_bLexile
521 8 _aR
_bRaz-Plus
650 _2Animals
_aHorror
650 _2Scary
_aPets
942 _2ddc
_cBK
_n0
999 _c6304
_d6304